Taylor Swift - You All Over Me Lyrics - Statistics

General Stats
  • This quiz has been taken 101 times
  • The average score is 213 of 291
Answer Stats
Answer % Correct
you
100%
You
100%
a
98%
all
98%
I
98%
me
98%
me?"
98%
over
98%
got
93%
the
90%
The
90%
I've
88%
I;ve
88%
no
88%
of
88%
to
88%
your
88%
on
85%
and
83%
And
83%
But
83%
too
83%
do
80%
it
80%
still
80%
Still
80%
be
78%
get
78%
in
78%
know
78%
like
78%
so
78%
So
78%
that
78%
was
78%
where
78%
Had
73%
had
73%
I'd
73%
i'd
73%
it's
73%
one
73%
can
71%
can't
71%
freedom
71%
out
71%
we
71%
what
71%
amount
68%
been
68%
clean
68%
gets
68%
here
68%
last
68%
off
68%
"don't
66%
has
66%
did
63%
every
63%
pocket
63%
see
63%
were
63%
day
61%
how
61%
long
61%
Now
61%
time
61%
hand
59%
Held
59%
held
59%
knows
59%
learned
59%
never
59%
rain
59%
reminds
59%
then
59%
burned
56%
'Cause
56%
drop
56%
God
56%
wish
56%
With
56%
best
54%
lived
54%
Lost
54%
Once
54%
pavement
54%
turn
54%
dollar
51%
grin
51%
met
51%
swore
51%
tears
51%
They
51%
worst
51%
around
49%
find
49%
June
49%
leave
49%
really
49%
breathe
46%
change
46%
child
46%
meant
46%
melted
46%
myself
46%
part
46%
pockets
46%
right
46%
Shouldn't
46%
traded
46%
used
46%
wasted
46%
old
44%
smiled
44%
spent
44%
walls
44%
way
44%
Well
44%
die
41%
stalls
41%
bathroom
39%
cried
39%
dried
39%
found
39%
roads
39%
watched
39%
graffiti
37%
stain?
37%
stones
37%
underneath
37%
lied
34%
scratch
34%
country
32%
muddy
32%
tires
27%
'em
24%
No matching quizzes found
Score Distribution
Percent of People with Each Score
Percentile by Number Answered
Your Score History
You have not taken this quiz